| 000 | 00625nam a2200181Ia 4500 | ||
|---|---|---|---|
| 008 | 151202s9999||||xx |||||||||||||| ||und|| | ||
| 082 | _bPNVM-36058 | ||
| 100 | _aशिरवाडकर वसंत. | ||
| 245 | _aऊर्जेच्या शोधात. | ||
| 260 | _b"पृथ्वी प्रकाशन, मुंबई." | ||
| 260 | _c1985 | ||
| 300 | _a72 | ||
| 600 | _aशिरवाडकर वसंत. | ||
| 630 | _aऊर्जेच्या शोधात. | ||
| 700 | _aशिरवाडकर वसंत. | ||
| 730 | _aऊर्जेच्या शोधात. | ||
| 942 | _cBOOK | ||
| 999 |
_c1302010 _d1302007 |
||